| 000 | 01073nam a2200241Ia 4500 | ||
|---|---|---|---|
| 999 |
_c36942 _d36942 |
||
| 001 | 2893 | ||
| 003 | GE_BSU | ||
| 005 | 20221102102929.0 | ||
| 008 | 181216s1996ru xx |||||||||||||| ||rus|| | ||
| 020 | _a0029197856 | ||
| 040 | _cGE_BSU | ||
| 041 |
_arus _heng |
||
| 080 | _a330+65.01 М-41 | ||
| 245 |
_aЭкономика для менеджеров: десять важных инструментов для руководителей _bExcutive economics / _cПер. с англ: Ю.И.Лацинской, науч. ред. И.В. Липсица, И.Б. Буркова и др.] |
||
| 264 |
_aМосква : _bДело, _c1996. |
||
| 300 |
_a416 с. : _b21 см. |
||
| 653 | _aЭкономика для менеджеров | ||
| 653 | _aეკონომიკა მენეჯერებისთვის | ||
| 700 |
_a.Лацинской, Ю.И. _eმთარგმნელი _915716 |
||
| 700 |
_aЛипсица, . И.В. _eრედაქტორი _915717 |
||
| 700 |
_aБуркова, И.Б. _eრედაქტორი _915718 |
||
| 942 |
_cBK _2udc |
||